Faza pucharowa Ligi Europy 25/26 - Statystyki

Ogólne statystyki
  • Ten quiz został rozwiązany 9 razy
  • Średni wynik to 12 z 24
Statystyki odpowiedzi
Miejsce
w fazie
ligowej
Federacja Klub % Poprawnych
1. Francja Olympique Lyon
100%
8. Włochy AS Roma
75%
6. Portugalia Sporting Braga
75%
2. Anglia Aston Villa
63%
23. Chorwacja Dinamo Zagrzeb
63%
5. Portugalia FC Porto
63%
12. Węgry Ferencvaros
63%
21. Szkocja Celtic
50%
19. Turcja Fenerbahce
50%
9. Belgia Genk
50%
18. Francja LOSC Lille
50%
22. Bułgaria Łudogorec Razgrad
50%
13. Anglia Nottingham Forest
50%
20. Grecja Panathinaikos
50%
14. Czechy Viktoria Pilzno
50%
24. Norwegia Brann
38%
16. Hiszpania Celta Vigo
38%
15. Serbia Crvena Zvezda
38%
17. Grecja PAOK
38%
4. Hiszpania Real Betis
38%
11. Niemcy VfB Stuttgart
38%
10. Włochy Bologna FC
25%
3. Dania Midtjylland
25%
7. Niemcy SC Freiburg
25%
Nie znaleziono quizów pasujących do podanych kryteriów
Rozkład punktacji
Procent ludzi z każdym wynikiem
Percentyl według liczby udzielonych odpowiedzi
Twoja historia wyników
Nie rozwiązałeś tego quizu